南京地铁线路图 - Statistics

General Stats
  • This quiz has been taken 149 times
    32 since last reset
  • The average score is 119 of 281
Answers on the Map
Answers color-coded by a green-red scale on the quiz's map according to % correct below.
 
Answer Stats
答案 % Correct
南京站
85%
新街口
85%
南京南站
85%
鼓楼
77%
大行宫
77%
西安门
77%
迈皋桥
69%
红山动物园
69%
新模范马路
69%
玄武门
69%
珠江路
69%
三山街
69%
安德门
69%
云锦路
69%
马群
69%
金马路
69%
南大仙林校区
69%
鸡鸣寺
69%
夫子庙
69%
八卦洲大桥南
62%
张府园
62%
中华门
62%
天隆寺
62%
软件大道
62%
中国药科大学
62%
鱼嘴
62%
油坊桥
62%
元通
62%
兴隆大街
62%
莫愁湖
62%
上海路
62%
下马坊
62%
孝陵卫
62%
钟灵街
62%
仙鹤门
62%
仙林中心
62%
羊山公园
62%
林场
62%
五塘广场
62%
浮桥
62%
武定门
62%
卡子门
62%
仙林湖
62%
奥体中心
62%
笆斗山
54%
燕子矶
54%
晓庄
54%
花神庙
54%
双龙大道
54%
河定桥
54%
百家湖
54%
雨润大街
54%
奥体东
54%
集庆门大街
54%
汉中门
54%
苜蓿园
54%
学则路
54%
经天路
54%
星火路
54%
东大成贤学院
54%
泰冯路
54%
上元门
54%
小市
54%
新庄
54%
雨花门
54%
大明路
54%
明发广场
54%
东大九龙湖校区
54%
秣陵
54%
龙江
54%
草场门
54%
云南路
54%
九华山
54%
王家湾
54%
朝天宫
54%
雨花台
54%
吉祥庵
46%
胜太路
46%
小龙湾
46%
竹山路
46%
天印大道
46%
龙眠大道
46%
南京交院
46%
青莲街
46%
明故宫
46%
天润城
46%
柳洲东路
46%
常府街
46%
九龙湖
46%
秣周东路
46%
岗子村
46%
徐庄
46%
东流
46%
孟北
46%
吉印大道
46%
九龙湖南
46%
科宁路
46%
东山
46%
东山香樟园
46%
五台山
46%
青春广场
46%
虹桥
46%
下关
46%
静海寺
46%
南京西站
46%
仙新路
46%
尧化门
46%
尧化新村
46%
万寿
46%
幕府山
46%
幕府西路
46%
钟阜路
46%
南湖
46%
应天大街
46%
新城科技园
46%
中胜
46%
西善桥
46%
小行
46%
梦都大街
46%
南京工业大学
46%
雨山路
46%
翔宇路北
46%
翔宇路南
46%
禄口机场
46%
吴侯街
46%
南医大·江苏经贸学院
38%
螺塘路
38%
宏运大道
38%
胜太西路
38%
天元西路
38%
诚信大道
38%
上秦淮西
38%
蒋王庙
38%
聚宝山
38%
西岗桦墅
38%
文靖路
38%
神机营
38%
大校场
38%
七桥瓮
38%
石门坎
38%
光华门
38%
通济门
38%
福建路
38%
盐仓桥
38%
方家营
38%
丁家庄南
38%
丁家庄
38%
古平岗
38%
清凉山
38%
大士茶亭
38%
梦都大街东
38%
永初路
38%
东麒路
38%
石杨路
38%
绿博园
38%
浦口万汇城
38%
佛城西路
38%
空港新城江宁
38%
景明佳园
38%
铁心桥
38%
天保
38%
无想山
38%
金牛湖
38%
高淳
38%
天保街
31%
前庄
31%
新亭路
31%
嘉陵江东街
31%
共青团路
31%
江心洲
31%
临江
31%
翠屏山
31%
正方中路
31%
贾西
31%
麒麟门
31%
南京猿人洞
31%
句容
31%
空港新城溧水
31%
长江大桥北
31%
泰山新村
31%
大厂
31%
团结圩
31%
汇通路
23%
灵山
23%
太清路
23%
杨庄
23%
机场跑道旧址
23%
文德路
23%
春江路
23%
高庙路
23%
刘村
23%
童世界
23%
溧水
23%
毛纺厂路
23%
信息工程大学
23%
雄州
23%
八百桥
23%
铜山
23%
明觉
23%
高桥门
15%
承天大道
15%
龙华路
15%
马骡圩
15%
高家冲
15%
滁州高铁站
15%
琅琊山
15%
滁州政务中心
15%
汊河新城
15%
汊河
15%
百水桥
15%
东郊小镇
15%
汤山
15%
黄梅
15%
崇明
15%
柘塘
15%
群力
15%
高新开发区
15%
葛塘
15%
长芦
15%
六合开发区
15%
石湫
15%
平良大街
8%
兰花塘
8%
石碛河
8%
桥林新城
8%
花博园
8%
担子
8%
苏滁商务中心
8%
林楼
8%
水口
8%
十二里半
8%
古泉
8%
泉都大街
8%
华阳
8%
卧龙湖
8%
中山湖
8%
幸庄
8%
卸甲甸
8%
化工园
8%
龙池
8%
凤凰山公园
8%
方州广场
8%
沈桥
8%
双垅
0%
林山
0%
腰铺
0%
大王郢
0%
相官
0%
No matching quizzes found
Score Distribution
Percent of People with Each Score
Percentile by Number Answered
Your Score History
You have not taken this quiz since the last reset